Bosnia and Herzegovina : Technical Assistance Report-Government Finance Statistics Mission.

This Technical Assistance Report discusses the recommendations made by the IMF mission to assist the Central Bank of Bosnia Herzegovina (CBBH) in the compilation and dissemination of government finance statistics (GFS) in accordance with the guidelines of the Government Finance Statistics Manual 200...

Disgrifiad llawn

Manylion Llyfryddiaeth
Awdur Corfforaethol: International Monetary Fund. Statistics Dept
Fformat: Cylchgrawn
Iaith:English
Cyhoeddwyd: Washington, D.C. : International Monetary Fund, 2018.
Cyfres:IMF Staff Country Reports; Country Report ; No. 2018/029
Mynediad Ar-lein:Full text available on IMF
LEADER 01863cas a2200241 a 4500
001 AALejournalIMF018243
008 230101c9999 xx r poo 0 0eng d
020 |c 5.00 USD 
020 |z 9781484340196 
022 |a 1934-7685 
040 |a BD-DhAAL  |c BD-DhAAL 
110 2 |a International Monetary Fund.  |b Statistics Dept. 
245 1 0 |a Bosnia and Herzegovina :   |b Technical Assistance Report-Government Finance Statistics Mission. 
264 1 |a Washington, D.C. :  |b International Monetary Fund,  |c 2018. 
300 |a 1 online resource (20 pages) 
490 1 |a IMF Staff Country Reports 
500 |a <strong>Off-Campus Access:</strong> No User ID or Password Required 
500 |a <strong>On-Campus Access:</strong> No User ID or Password Required 
506 |a Electronic access restricted to authorized BRAC University faculty, staff and students 
520 3 |a This Technical Assistance Report discusses the recommendations made by the IMF mission to assist the Central Bank of Bosnia Herzegovina (CBBH) in the compilation and dissemination of government finance statistics (GFS) in accordance with the guidelines of the Government Finance Statistics Manual 2001 and its update. It is recommended that the legal basis for the collection of GFS data by the CBBH should be strengthened to get more easily access to (confidential) data which serve as input for GFS. The production of GFS could benefit from more cooperation between the CBBH, the Ministries of Finance, and the National Bureau of Statistic. A permanent working group of compilers of macroeconomic statistics in different institutions should be set up to this aim. 
538 |a Mode of access: Internet 
830 0 |a IMF Staff Country Reports; Country Report ;  |v No. 2018/029 
856 4 0 |z Full text available on IMF  |u http://elibrary.imf.org/view/journals/002/2018/029/002.2018.issue-029-en.xml  |z IMF e-Library